01463nab a22002297a 4500003000400000005001700004008004100021040000700062100002400069245016300093260007300256300001500329500007300344505040300417505011600820505008900936650002301025650001501048650001701063650001901080773013401099OSt20260130213932.0190603e xxum|||| |||| 00| 0 spa d cPJ aMazzinghi, Jorge A.13aLa salud mental y el discernimiento para contraer matrimonio :boposición de los hijos al casamiento de su madre de avanzada edad /cJorge A. M. Mazzinghi.  cCiudad Autónoma de Buenos Aires :aThomson Reuters La Ley, b2025. ap. 164-176 aCita: TR LALEY AR/DOC/2248/2025 Publicado en: RCCyC 2025 (Octubre). aSumario: I. Introducción.— II. Los antecedentes del caso y las alternativas procesales.— III. Una curiosa duda acerca de la celebración del matrimonio.— IV. Razones para oponerse a la celebración del matrimonio.— V. Una respuesta más favorable a resguardar el derecho a casarse.— VI. El núcleo de lo que debe resolverse cuando se trata del impedimento de falta de salud mental.  aFallo comentado: ST Entre Ríos, sala II civil y com. ~ 01/07/2025 ~ C. O. E. y otra s/ incidentes (familia). t¿Te interesa el texto completo? Solicitalo al correo: koha@justierradelfuego.gov.ar 0aDERECHO DE FAMILIA 0aMATRIMONIO 0aSALUD MENTAL 0aDISCERNIMIENTO0 02713dCiudad Autónoma de Buenos Aires : Thomson Reuters La Ley, 2015-tRevista Código Civil y Comercial. Nº 5 - Octubre 2025